Statistiques concernant Les chansons Disney

Cliquez ici pour prendre le quiz!

Statistiques générales

  • Ce quiz a été pris 1 833 fois
  • Le résultat moyen est 11 sur 22

Statistiques - réponses

HintRéponse% Correct
sifflez en travaillantblanche neige
98%
l'air du ventpocahontas
94%
comme un hommemulan
88%
j'ai un rêveraiponce
83%
de zéro en héroshercule
80%
en étéla reine des neiges
75%
partir là-basla petite sirène
71%
corazoncoco
59%
le groove de l'empereurkuzco
58%
a travers le bayoula princesse et la grenouille
57%
réflexionmulan
55%
les harpiescendrillon
52%
je m'en vaisfrère des ours
46%
nous sommes unle roi lion
44%
higitus figitusmerlin l'enchanteur
44%
try everythingzootopie
41%
charivarile bossu de notre dame
25%
creuse un tunnelle roi lion
19%
beyond the seanemo
17%
un homme librela planète aux trésors
12%
ever ever afteril était une fois
10%
sans barrièresla belle et le clochard 2
7%

Distribution des résultats

Percentile par nombre de réponses

% des personnes avec chaque résultat

Votre développement - résultats

Vous n’avez pas pris ce quiz